00378nam a2200145Ia 4500003000400000005001700004008004100021040001800062041000800080100004200088110002400130245002800154260002000182710003000202OSt20260310100103.0211028s2011 xx 000 0 und d cAIMIT LIBRARY aeng aA P Sairam; Suvaris, Roshan D.g81779 aMelissa Castellino. aOnline banking system / aBangalorec2011 aStarmark Services Pvt Ltd